[Event "DDR-ch29 playoff Gruenberg-Voigt +1-1=2"]
[Site "Berlin East"]
[Date "1980.03.13"]
[Round "2"]
[White "Vogt, Lothar"]
[Black "Gruenberg, Hans Ulrich"]
[Result "1-0"]
[WhiteElo "2510"]
[BlackElo "2385"]
[Annotator "Vogt,L"]
[PlyCount "80"]
[EventDate "1980.03.12"]
[EventType "match"]
[EventRounds "4"]
[EventCountry "DDR"]
[SourceTitle "EXT 2006"]
[Source "ChessBase"]
[SourceDate "2005.11.24"]
[SourceVersion "1"]
[SourceVersionDate "2005.11.24"]
[SourceQuality "1"]

1. e4 c5 2. Nf3 d6 3. d4 cxd4 4. Nxd4 Nf6 5. Nc3 a6 6. a4 Nc6 7. Be2 e6 8. O-O
Be7 9. Kh1 O-O 10. f4 Qc7 11. Be3 Bd7 (11... Nxd4 12. Qxd4 e5 13. Qd3 {ergibt
etwas weissen Vorteil.}) 12. Nb3 b6 13. Bf3 Be8 $6 (13... Rab8 14. Qe2 Na5 15.
Nd2 b5 16. axb5 axb5 17. e5 {geschah in einer Partie Vogt,L-Tompa,J/Kecskemet
1979}) 14. Qe2 Nd7 15. g4 Nc5 16. g5 Bd7 {Zurücknahme des unglücklichen 13.
Zuges.} 17. Bg2 Rfe8 18. Qf2 Bf8 19. Qh4 Qd8 20. Rf3 Rc8 21. Raf1 ({Bei} 21.
Rh3 {steht Schwarz die Verteidigung} h6 {zur Verfügung.}) 21... Nxb3 22. cxb3
b5 23. Rh3 ({Weiss braucht sich auf} 23. axb5 axb5 24. Nxb5 Ne5 25. Rh3 h6 {
nicht einzulassen.}) 23... h6 24. f5 {Der weisse Angriff nimmt gefährliche
Formen an.} Ne5 25. Qg3 hxg5 26. Bxg5 f6 27. Qh4 $1 (27. fxe6 Rxe6 {sieht
natürlich auch gut aus für Weiss.}) 27... Rxc3 28. bxc3 fxg5 29. Qh7+ Kf7 30.
Qh5+ ({Eine schöne Mattvariante wäre} 30. fxe6+ Kxe6 ({aber Schwarz kann} 30...
Ke7 {ziehen, wobei Weiss mit} 31. exd7 {allerdings auch gewinnt.}) 31. Qf5+ Ke7
32. Qxg5+ Ke6 33. Rh6+ gxh6 34. Bh3+ Ng4 35. Bxg4#) ({Oder} 30. f6 Qxf6 {
und Schwarz kann auch noch etwas kämpfen.}) 30... Kf6 31. fxe6+ Kxe6 32. Rg3 d5
(32... g4 33. Rxg4 Nxg4 34. Qxg4+ Ke7 35. Qg5+ Ke6 36. Bh3# {zeigt die
schwarze Misere.}) 33. Rxg5 Kd6 34. Rxf8 Rxf8 35. Rxe5 dxe4 36. Rd5+ Kc6 37.
axb5+ axb5 38. Rxb5 Qe7 39. Qd5+ Kc7 40. Qb7+ Kd6 (40... Kd6 41. Rb6+ Kc5 42.
Qc7+ Kd5 43. Qc4+ Ke5 44. Qxe4#) 1-0

[Event "Berliner Sommer 07th"]
[Site "Berlin West"]
[Date "1989.08.17"]
[Round "6"]
[White "Vogt, Lothar"]
[Black "Danailov, Silvio"]
[Result "1-0"]
[WhiteElo "2470"]
[BlackElo "2375"]
[Annotator "Vogt,L"]
[PlyCount "77"]
[EventDate "1989.08.12"]
[EventType "swiss"]
[EventRounds "9"]
[EventCountry "GER"]
[SourceTitle "EXT 2013"]
[Source "ChessBase"]
[SourceDate "2012.11.22"]
[SourceVersion "1"]
[SourceVersionDate "2012.11.22"]
[SourceQuality "1"]

{SCHACH 10/1989 Seite 16} 1. e4 c5 2. Nf3 d6 3. d4 cxd4 4. Nxd4 Nf6 5. Nc3 a6
6. f4 e6 7. Be2 Qc7 8. O-O Be7 9. Kh1 O-O 10. a4 (10. Qe1 {ist eine wichtige
Alternative, wobei ich in letzter Zeit dem Partiezugt den Vorzug gab.}) 10...
Nc6 11. Be3 Re8 12. Bg1 (12. Bf3 {wäre die andere Möglichkeit.}) 12... Rb8 13.
Qd3 Bf8 ({Eine wichtige Partie für die Beurteilung des Zuges 13... Sxd4 war
Mokry,K-Gruenberg,HU/Polanica Zdroj 1985} 13... Nxd4 14. Bxd4 e5 15. Ba7 Ra8
16. Be3 exf4 17. Bxf4 Be6 18. Rad1 Red8 19. Qg3 Ne8 20. Bd3 Bf6 21. Nd5 Bxd5
22. exd5 Bxb2 23. c3 Qxc3 24. Bg5 Qc7 25. Qh4 h6 26. Be7 Rd7 27. Qe4 f6 28.
Qh7+ Kf7 29. Rde1 Be5 30. Bxf6 {und Schwarz gab auf.} (30. Bxf6 Nxf6 31. Bg6+
Kf8 32. Qh8+ Ke7 33. Qxg7+ Kd8 34. Qf8+ Ne8 35. Qxe8#)) 14. Qg3 Nd7 15. Rad1
Nb4 16. Rd2 b6 17. Bf3 Bb7 18. Rfd1 Nc5 $6 ({Besser ist} 18... Rbd8 {Der
Springer sollte die Kontrolle des Feldes e5 nicht aufgeben.}) 19. f5 Nc6 (19...
e5 20. Nb3 {belässt Schwarz ohne Gegenspiel.}) 20. fxe6 fxe6 21. Nxc6 {Es soll
kein Rappe nach e5 gelangen.} Bxc6 22. b3 Rbc8 23. Bd4 Qb7 24. Rf1 {Weiß hat
sich am Königsflügel eine günstige Angriffsstellung aufbauen können.} Rc7 (
24... Nxe4 $4 {scheiterte an dem taktischen Witz} 25. Nxe4 Bxe4 26. Bxe4 Qxe4
27. Rxf8+ Rxf8 28. Qxg7#) 25. Bh5 g6 ({Auf} 25... Ree7 {folgt unangenehm} 26.
Rdf2) 26. e5 d5 27. Rdf2 Bg7 28. Bg4 Bd7 {Schwarz muß sich präzise verteidigen.
} 29. Qe3 {Nun droht 30. a5} Qc8 30. Rf7 Rf8 31. Rxf8+ Bxf8 32. b4 {Es stellt
sich heraus, dass dieser Zug zu zeitig erfolgt.} Ne4 ({Bei} 32... Nxa4 {war}
33. Nxd5 {mit überwältigendem Angriff geplant, z.B.} exd5 34. e6 Bb5 35. Rf7
Rxc2 36. h3 Rc1+ 37. Kh2 Bd6+ 38. Be5 Qb8 39. Rg7+ Kh8 40. Rc7+ Kg8 41. Bxd6
Rxc7 42. Qe5) 33. Nxe4 dxe4 34. c3 {Auch meine Bedenkzeit wurde langsam knapp.}
Bxa4 35. Qxe4 Bc6 $2 {Der Verlustzug.} ({Nach} 35... Bb3 $14 {hatte Schwarz
gute Remisaussichten.}) 36. Qf4 {Der Bauer b6 kann jetzt nicht mehr verteidigt
werden, da auch 37. Bxe6+ Qxe6 38. Qxf8# droht.} Bg7 37. Bxb6 Bxg2+ {Auf diese
Ausrede hatte sich Scwarz verlassen, aber etwas dabei übersehen.} 38. Kxg2 Qb7+
39. Qf3 (39. Qf3 Qxb6 40. Qa8+) 1-0

[Event "EU-Cup 16th"]
[Site "Neum"]
[Date "2000.09.28"]
[Round "5.5"]
[White "Vukovic, Zdravko"]
[Black "Varga, Peter"]
[Result "1/2-1/2"]
[WhiteElo "2471"]
[BlackElo "2465"]
[Annotator "Vukovic,Zd"]
[PlyCount "64"]
[EventDate "2000.09.24"]
[EventType "team-swiss"]
[EventRounds "7"]
[EventCountry "BIH"]
[SourceTitle "CBM 080"]
[Source "ChessBase"]
[SourceDate "2001.01.25"]
[SourceVersion "1"]
[SourceVersionDate "2001.01.25"]
[SourceQuality "1"]
[WhiteTeam "Niksic Radonja"]
[BlackTeam "Miskolci"]
[WhiteTeamCountry "YUG"]
[BlackTeamCountry "HUN"]

1. e4 c5 2. Nf3 e6 3. d4 cxd4 4. Nxd4 Nc6 5. Nc3 Qc7 6. Be2 a6 7. O-O Nf6 8.
Kh1 Be7 9. f4 d6 10. Be3 O-O 11. Qe1 Nxd4 12. Bxd4 b5 13. a3 Bb7 14. Qg3 Rad8
15. Bd3 Rd7 16. Rae1 Re8 $5 (16... Bc6) 17. Re3 $146 (17. e5 $6 dxe5 18. Bxe5
Qd8 $1) 17... Qd8 $1 (17... d5 $2 18. exd5 Bxd5 19. Bxh7+ $1 Kxh7 20. Qh4+ Kg8
21. Rh3) (17... Nh5 $5) 18. Qh3 g6 19. Rg3 d5 $6 (19... Bf8 $1 20. f5 Bg7 21.
fxg6 fxg6 (21... hxg6 22. Rgf3 e5 23. Be3 Nh5 24. Bg5 Qc8 25. Qh4 $36) 22. Rgf3
(22. Be3 d5 $1) 22... Nxe4 $1 23. Nxe4 (23. Bxg7 Ng5 24. Bf6 Qxf6 $8 25. Rxf6
Nxh3 26. Ne4 Bxe4 $8 27. Bxe4 d5 $8 28. Bxg6 $8 hxg6 29. Rxg6+ Rg7 $8 30. Rxg7+
Kxg7 31. gxh3 $11) 23... Bxd4 24. c3 Bg7 25. Nf6+ Bxf6 26. Rxf6 Kg7 $1 27. Rf7+
$1 (27. Rxe6 $2 Bxg2+ $1) 27... Rxf7 28. Rxf7+ Kxf7 29. Qxh7+ $11) 20. f5 $3 (
20. e5 Ne4) (20. exd5 $5 Bxd5 (20... Nxd5 $2 21. Bxg6 fxg6 22. Rxg6+ hxg6 23.
Qh8+ Kf7 24. Qg7# {#}) 21. Be5 $40) 20... dxe4 21. fxg6 $8 hxg6 (21... fxg6 22.
Nxe4 (22. Qxe6+ $6 Kg7) 22... Rxd4 (22... Bxe4 23. Bxe4 Rxd4 24. Bxg6 Kh8 25.
Rgf3 Rd7 $8 26. Bxe8 Qxe8 27. Qxe6 $16) 23. Ng5 $1) 22. Nxe4 $8 Rxd4 $8 23. Ng5
$8 Rxd3 $8 24. cxd3 $8 Nh5 $138 (24... Qd5 $8 25. Nxf7 (25. Rxf6 Qxg5 26. Rxg5
Bxf6 27. Rc5 Bxb2 (27... Rd8 $6 28. Qe3 $1) 28. Rc7 Bd5 $132) 25... Qh5 (25...
Rf8 $2 26. Qh6 $1) 26. Qxh5 Nxh5 27. Rxg6+ Ng7 $132 28. Ng5 Bxg5 29. Rxg5) 25.
Nxf7 (25. Qxh5 $1 Bxg5 (25... gxh5 26. Nxf7+ Kh7 27. Nxd8 h4 28. Re3 $1) 26.
Qxg5 Qxg5 27. Rxg5 Rc8 28. h4 $1 Rc2 29. h5 Kg7 $8 30. Rg3 $1 $18 Rxb2 31. h6+
Kxh6 32. Rxf7) 25... Nxg3+ 26. Qxg3 $2 (26. hxg3 Bxg2+ $8 27. Kxg2 Qd5+ 28. Rf3
Bf6 29. Qh6 $1 Kxf7 30. Qh7+ Kf8 31. Qxg6 (31. Qh8+ Ke7 32. Qxf6+ Kd6 33. Qxg6
Rc8 $132) 31... Qxf3+ $5 (31... Ke7 32. Qxf6+ $16) 32. Kxf3 Bxb2) 26... Bxg2+
$8 27. Qxg2 $138 (27. Kxg2 $142 Qd5+ 28. Rf3 $36) 27... Qxd3 (27... Qd5) 28.
Ne5 Qd5 $8 29. Rf3 Qd1+ (29... g5 $6 30. Qc2) 30. Rf1 Qd5 31. Rf3 Qd1+ 32. Rf1
Qd5 1/2-1/2

[Event "Nabereznye Chelny"]
[Site "Nabereznye Chelny"]
[Date "1993.??.??"]
[Round "?"]
[White "Shur, Mikhail"]
[Black "Muhutdinov, Marat"]
[Result "1/2-1/2"]
[WhiteElo "2380"]
[BlackElo "2480"]
[Annotator "Wolff,P"]
[PlyCount "79"]
[EventDate "1993.??.??"]
[EventType "tourn"]
[EventRounds "13"]
[EventCountry "RUS"]
[EventCategory "7"]
[SourceTitle "CBM 037"]
[Source "ChessBase"]
[SourceDate "1993.12.01"]
[SourceVersion "1"]
[SourceVersionDate "1993.12.01"]
[SourceQuality "1"]

1. e4 c5 2. Nf3 d6 3. d4 cxd4 4. Nxd4 Nf6 5. Nc3 a6 6. a4 Nc6 7. Be2 e6 8. O-O
Be7 9. f4 Qc7 10. Be3 O-O 11. Kh1 Re8 12. Bf3 (12. Bd3 b6 $5 (12... Bd7 13. Qf3
Nb4 14. Qg3 Nh5 15. Qf3 Nf6 16. Qg3 Nh5 17. Qf3 Nf6 {1/2-1/2, Sideif Sade,
F-Shur,M Nabereznye Chelny 1993}) 13. Nxc6 Qxc6 14. Qf3 Bb7 15. Qh3 g6 $13 16.
Bd4 Rad8 17. Rf3 Qc7 18. Raf1 Rf8 19. e5 $6 Nh5 $15 {Jansa,V-Orsag,M, Prague 
(6) 1993}) 12... Rb8 13. Qd2 Bd7 14. Nb3 (14. Qf2 Nxd4 15. Bxd4 Bc6 {It is to
prevent this maneuver that White usually plays 14.Nb3.} 16. Qg3 g6 17. a5 Nd7
18. f5 Ne5 19. Be2 Bf8 $13 {Timoschenko,G-Muhutdinov,M Nabereznye Chelny 1993})
14... b6 15. g4 Bc8 16. g5 Nd7 17. Bg2 Bb7 {(?!) I do not know these positions
so well, but it is my understanding that Black often wants to keep the bishop
on c8 and the b-file clear for awhile in these lines.} (17... Na5 $142 $5 {
This has the virtue of stopping White from playing the Queen's R to d1 and the
Q to f2 and retreating the bishop to c1 before the knight lands on c4.}) 18.
Rf3 (18. Rad1 $5) 18... Bf8 19. Qf2 g6 20. Rh3 Bg7 $13 21. Rf1 f5 22. gxf6 Bxf6
23. f5 Bxc3 24. bxc3 exf5 25. exf5 Nce5 26. Bxb7 Qxb7+ 27. Qg2 Rf8 28. Rg3 Kh8
29. Bh6 Rf7 30. Nd4 Nc5 31. Qxb7 Rbxb7 32. f6 Nxa4 33. Ne6 Nc5 34. Nd8 Kg8 35.
Nxb7 Rxb7 36. Re3 Kf7 37. Bf4 Nc4 38. Re2 a5 39. Bg5 Ne6 40. Bh4 1/2-1/2

[Event "Interzonal-16"]
[Site "Biel"]
[Date "1993.??.??"]
[Round "7"]
[White "Shirov, Alexei"]
[Black "Portisch, Lajos"]
[Result "1/2-1/2"]
[WhiteElo "2685"]
[BlackElo "2585"]
[Annotator "Wolff,P"]
[PlyCount "69"]
[EventDate "1993.07.16"]
[EventType "swiss"]
[EventRounds "13"]
[EventCountry "SUI"]
[SourceTitle "CBM 037"]
[Source "ChessBase"]
[SourceDate "1993.12.01"]
[SourceVersion "1"]
[SourceVersionDate "1993.12.01"]
[SourceQuality "1"]

1. e4 c5 2. Nf3 Nc6 3. d4 cxd4 4. Nxd4 Qc7 5. Nc3 e6 6. Be2 a6 7. Be3 Nf6 8.
O-O Be7 9. f4 d6 10. Qe1 $5 O-O 11. Qg3 {Until recently, it was thought that
this line of the Classical Scheveningen was better for White (i.e. Qe1-g3
without Pa4) when the queen was committed to c7. This view has recently been
challenged, however.} Nxd4 12. Bxd4 b5 13. a3 Bb7 14. Kh1 Bc6 15. Rae1 Rae8 (
15... Qb7 {The main line.} 16. Bd3 b4 17. axb4 Qxb4 18. Ne2 Qb7 19. e5 Nh5 20.
Qh3 g6 21. Ng3 dxe5 22. Bxe5 Nxg3+ 23. hxg3 Bb5 $1 $146 {Shirov-Ivanchuk,
Linares 1993. Ivanchuk discovered that this position is in fact quite playable.
Shirov failed to get anything substantial in that game. One must wonder: Did
he have an improvement in mind for this game?}) 16. e5 (16. Bd3 e5 $1 17. fxe5
Nh5 18. Qh3 dxe5 19. Qxh5 exd4 $132) (16. Bf3 $5) 16... dxe5 17. Bxe5 (17. fxe5
Ne4 (17... Nd7 $5) (17... Nd5 $2 18. Ne4 $36) 18. Nxe4 Bxe4 $132) 17... Qd7 18.
Bd3 g6 19. Qh3 (19. f5 Nh5 $1 (19... exf5 $2 20. Rxf5 $16) 20. Qh3 exf5 21.
Bxf5 (21. Rxf5 Ng7 $1 $17 22. Qh6 $140 f6) 21... Qb7 $10) 19... Nh5 $1 20. Ne4
f6 21. Bc3 Bd5 22. Bb4 Bxb4 23. axb4 Bxe4 $1 24. Rxe4 f5 25. Re5 Nf6 $10 {
White cannot use the advantage of the better minor piece because Black's
pieces are better placed, and the Black pawns on light squares restrict the B.}
26. Qf3 Qd6 27. c3 Nd7 28. Ree1 e5 29. Bc2 exf4 30. Rd1 Qe6 31. Qxf4 Nf6 32.
Rd6 Qe2 33. Bb3+ Kh8 34. Rxa6 Qxb2 35. Qd4 (35. Qd4 Qxb3 36. Rxf6 Rxf6 37.
Qxf6+ Kg8 $10) 1/2-1/2